<?xml version="1.0" encoding="UTF-8"?>
<record
    xmlns:xsi="http://www.w3.org/2001/XMLSchema-instance"
    xsi:schemaLocation="http://www.loc.gov/MARC21/slim http://www.loc.gov/standards/marcxml/schema/MARC21slim.xsd"
    xmlns="http://www.loc.gov/MARC21/slim">

  <leader>00548nam a22001697a 4500</leader>
  <datafield tag="082" ind1=" " ind2=" ">
    <subfield code="a">624.15</subfield>
    <subfield code="b">PRO</subfield>
  </datafield>
  <datafield tag="245" ind1=" " ind2=" ">
    <subfield code="a">Proceedings of the Fourteenth International Conference on Soil Mechanics and Foundation Engineering</subfield>
  </datafield>
  <datafield tag="250" ind1=" " ind2=" ">
    <subfield code="a">1st</subfield>
  </datafield>
  <datafield tag="260" ind1=" " ind2=" ">
    <subfield code="a">USA</subfield>
    <subfield code="b">Comite Des </subfield>
    <subfield code="c">1997</subfield>
  </datafield>
  <datafield tag="300" ind1=" " ind2=" ">
    <subfield code="a">xix, 760. p:</subfield>
    <subfield code="b">illus,</subfield>
    <subfield code="c">38cm</subfield>
  </datafield>
  <datafield tag="526" ind1=" " ind2=" ">
    <subfield code="a">0</subfield>
    <subfield code="b">0</subfield>
    <subfield code="c">0</subfield>
    <subfield code="d">624_150000000000000_PRO</subfield>
  </datafield>
  <datafield tag="526" ind1=" " ind2=" ">
    <subfield code="a">0</subfield>
    <subfield code="b">0</subfield>
    <subfield code="c">0</subfield>
    <subfield code="d">624_150000000000000_PRO</subfield>
  </datafield>
  <datafield tag="526" ind1=" " ind2=" ">
    <subfield code="a">0</subfield>
    <subfield code="b">0</subfield>
    <subfield code="c">0</subfield>
    <subfield code="d">624_150000000000000_PRO</subfield>
  </datafield>
  <datafield tag="526" ind1=" " ind2=" ">
    <subfield code="a">0</subfield>
    <subfield code="b">0</subfield>
    <subfield code="c">0</subfield>
    <subfield code="d">624_150000000000000_PRO</subfield>
  </datafield>
  <datafield tag="650" ind1=" " ind2=" ">
    <subfield code="a">MCE</subfield>
    <subfield code="9">379</subfield>
  </datafield>
  <datafield tag="942" ind1=" " ind2=" ">
    <subfield code="2">ddc</subfield>
    <subfield code="c">BK</subfield>
  </datafield>
  <datafield tag="999" ind1=" " ind2=" ">
    <subfield code="c">550595</subfield>
    <subfield code="d">550595</subfield>
  </datafield>
  <datafield tag="952" ind1=" " ind2=" ">
    <subfield code="0">0</subfield>
    <subfield code="1">0</subfield>
    <subfield code="2">ddc</subfield>
    <subfield code="4">0</subfield>
    <subfield code="7">0</subfield>
    <subfield code="a">MCE</subfield>
    <subfield code="b">MCE</subfield>
    <subfield code="d">2014-11-17</subfield>
    <subfield code="l">0</subfield>
    <subfield code="o">624.15 PRO</subfield>
    <subfield code="p">MCE-43629</subfield>
    <subfield code="r">2014-11-17</subfield>
    <subfield code="w">2021-03-14</subfield>
    <subfield code="y">BK</subfield>
    <subfield code="z">V-3</subfield>
  </datafield>
  <datafield tag="952" ind1=" " ind2=" ">
    <subfield code="0">0</subfield>
    <subfield code="1">0</subfield>
    <subfield code="2">ddc</subfield>
    <subfield code="4">0</subfield>
    <subfield code="7">0</subfield>
    <subfield code="a">MCE</subfield>
    <subfield code="b">MCE</subfield>
    <subfield code="d">2014-11-17</subfield>
    <subfield code="l">0</subfield>
    <subfield code="o">624.15 PRO</subfield>
    <subfield code="p">MCE-43627</subfield>
    <subfield code="r">2014-11-17</subfield>
    <subfield code="w">2021-03-14</subfield>
    <subfield code="y">BK</subfield>
    <subfield code="z">V-1</subfield>
  </datafield>
  <datafield tag="952" ind1=" " ind2=" ">
    <subfield code="0">0</subfield>
    <subfield code="1">0</subfield>
    <subfield code="2">ddc</subfield>
    <subfield code="4">0</subfield>
    <subfield code="7">0</subfield>
    <subfield code="a">MCE</subfield>
    <subfield code="b">MCE</subfield>
    <subfield code="d">2014-11-17</subfield>
    <subfield code="l">0</subfield>
    <subfield code="o">624.15 PRO</subfield>
    <subfield code="p">MCE-43628</subfield>
    <subfield code="r">2014-11-17</subfield>
    <subfield code="w">2021-03-14</subfield>
    <subfield code="y">BK</subfield>
    <subfield code="z">V-2</subfield>
  </datafield>
  <datafield tag="952" ind1=" " ind2=" ">
    <subfield code="0">0</subfield>
    <subfield code="1">0</subfield>
    <subfield code="2">ddc</subfield>
    <subfield code="4">0</subfield>
    <subfield code="7">0</subfield>
    <subfield code="a">MCE</subfield>
    <subfield code="b">MCE</subfield>
    <subfield code="d">2014-11-17</subfield>
    <subfield code="l">0</subfield>
    <subfield code="o">624.15 PRO</subfield>
    <subfield code="r">2014-11-17</subfield>
    <subfield code="w">2014-11-17</subfield>
    <subfield code="y">BK</subfield>
  </datafield>
</record>
